00669 2200241 4500001002100000005001700021008004100038020002200079035002400101041000800125043001300133082001400146090002500160100001600185245006600201250001000267260003200277300002500309650003800334700001600372850001200388990002700400YOGYA-0711000000063120110713112723.0 ind  a978-602-978-562-3 0010-071100000000631 aInd aYOPD DIY a613.04244 aDEP 613.04244 El-M M aEl- Manan M aMiss V : Semua Ilmunya Lengkap dan Detail DisinicEl- Manan M aCet 1 aYogyakartabBuku Biruc2011 a237 hlmbilusc20 cm aWanita - Kesehatan dan Kebersihan aLuvlee, Dee aYOPDYOG aCB - D.11 - 2011 - 228